000 01945cam a2200397 i 4500
001 26618
003 Mx-PuUPA
005 20250310164921.0
008 140415s2025 mx grl 000 0 spa d
020 _a9786075632988
040 _cMx-PuUPA
_aMx-PuUPA
_bspa
_dMx-PuUPA
_erda
041 0 _aspa
043 _an-mx---
110 2 _aConsejo Mexicano de Normas de Información Financiera y de Sostenibilidad,
_eautor
_916826
240 1 0 _aObras.
_pFiscales
245 1 0 _aNormas de Información Financiera (NIF) 2025 /
_cConsejo Mexicano de Normas de Información Financiera y de Sostenibilidad
246 3 _aNormas de información financiera :
_bversión profesional
246 3 _aNIF profesional
246 3 _aNIF 2025
246 3 _aNIF profesional 2025
250 _a1a. edición
264 1 _aCiudad de México :
_bInstituto Mexicano de Contadores Públicos,
_c2025
300 _axiv, 1325 páginas ;
_c23 cm
336 _2rdacontent
_atexto
_btxt
337 _2rdamedia
_asin medio
_bn
338 _2rdacarrier
_avolumen
_bnc
500 _a"El texto completo de las Normas de Información Financiera considera la normativa que se encuentra en vigor al 1º de enero de 2025". -- Portadilla.
500 _aEsta edición contiene el texto completo de las NIF vigentes al 1 de enero de 2025, incluyendo las mejoras a las NIF 2025 y adicionalmente: La nueva NIF A-2, incertidumbres sobre negocio en marcha, vigente al 1 de enero de 2026; y la ONIF 7, contratos de construcción y contratos de compraventa, de bienes de capital". -- Cubierta.
650 7 _2armarc
_aContabilidad
_xNormas
_zMéxico
650 7 _2armarc
_aEstados financieros
_xNormas
_zMéxico
942 _2ddc
_cLI
_h657.3
_iN852
999 _c26618
_d26618